LIBRARY & INFORMATION CENTRE, KCAET, TAVANUR

ONLINE PUBLIC ACCESS CATALOGUE (OPAC)

Normal view MARC view
  • Food and Agriculture Organization of the United Nations (FOA)

Entry Personal Name

Number of records used in: 1

001 - CONTROL NUMBER

  • control field: 621

003 - CONTROL NUMBER IDENTIFIER

  • control field: OSt

005 - DATE AND TIME OF LATEST TRANSACTION

  • control field: 20160627122241.0

008 - FIXED-LENGTH DATA ELEMENTS

  • fixed length control field: 160627|| aca||aabn | a|a d

040 ## - CATALOGING SOURCE

  • Original cataloging agency: OSt
  • Transcribing agency: OSt

100 ## - HEADING--PERSONAL NAME

  • Personal name: Food and Agriculture Organization of the United Nations (FOA)

670 ## - SOURCE DATA FOUND

  • Source citation: Work cat.: (OSt): Food and Agriculture Organization of the United Nations (FOA), Deficit Irrigation Practice, 2002
free website counter